000 00289nam a2200121Ia 4500
005 20251222141855.0
008 251222s9999||||xx |||||||||||||| ||spa||
082 _a269.2/D87
100 _aAleixandre, María Dolores
245 0 _aCírculo en el Agua.
264 _bSal Terrae
942 _cLIB
999 _c7879
_d7879